Calculus: (Record no. 6451)

MARC details
000 -LEADER
fixed length control field 00653nam a22002297a 4500
003 - CONTROL NUMBER IDENTIFIER
control field OSt
005 - DATE AND TIME OF LATEST TRANSACTION
control field 20200122125019.0
008 - FIXED-LENGTH DATA ELEMENTS--GENERAL INFORMATION
fixed length control field 140725b xxu||||| |||| 00| 0 eng d
020 ## - INTERNATIONAL STANDARD BOOK NUMBER
International Standard Book Number 9780618606245
020 ## - INTERNATIONAL STANDARD BOOK NUMBER
International Standard Book Number 0618606246
020 ## - INTERNATIONAL STANDARD BOOK NUMBER
International Standard Book Number 0136158404
040 ## - CATALOGING SOURCE
Transcribing agency DDC
082 ## - DEWEY DECIMAL CLASSIFICATION NUMBER
Classification number 515 LAR 2007.
100 ## - MAIN ENTRY--PERSONAL NAME
Personal name Larson,Ron;Hostetler,Robert;Edwards,H.Bruce;
9 (RLIN) 763
245 ## - TITLE STATEMENT
Title Calculus:
Remainder of title Early Transcendentals Functions.
250 ## - EDITION STATEMENT
Edition statement 7th ed.
260 ## - PUBLICATION, DISTRIBUTION, ETC. (IMPRINT)
Place of publication, distribution, etc. London:
Name of publisher, distributor, etc. Pearson Prentice Hall,
Date of publication, distribution, etc. 2008.
300 ## - PHYSICAL DESCRIPTION
Extent xvii, 1138 p. :
Other physical details col.ill;
Dimensions 28 cm.
504 ## - BIBLIOGRAPHY, ETC. NOTE
Bibliography, etc includes Appendices, answers and Index
650 ## - SUBJECT ADDED ENTRY--TOPICAL TERM
Topical term or geographic name as entry element Calculus
9 (RLIN) 764
942 ## - ADDED ENTRY ELEMENTS (KOHA)
Source of classification or shelving scheme Dewey Decimal Classification
Koha item type Short Loan
Holdings
Withdrawn status Lost status Source of classification or shelving scheme Damaged status Not for loan Home library Current library Date acquired Source of acquisition Inventory number Total Checkouts Full call number Barcode Date last seen Price effective from Koha item type
    Dewey Decimal Classification     MUST Main Library MUST Main Library 22/01/2020 Purchase 11/33510   515 LAR 2007. 2020-0074 22/01/2020 22/01/2020 Short Loan